[Event "BCF-ch"]
[Site "Brighton"]
[Date "1977.08.09"]
[Round "2"]
[White "Bellin, Robert"]
[Black "Botterill, George Steven"]
[Result "1/2-1/2"]
[WhiteElo "2400"]
[BlackElo "2350"]

1.e4 d6 2.d4 g6 3.Nc3 Bg7 4.f4 Nf6 5.Nf3 O-O 6.Bd3 Nc6 7.O-O e5 8.fxe5 dxe5
9.d5 Ne7 10.Nxe5 c6 11.Bc4 Qd6 12.Nd3 cxd5 13.exd5 Nexd5 14.Nxd5 Nxd5 15.Kh1 Nb6
16.Bb3 Bf5 17.Be3 Qc6 18.Nb4 Qe4 19.Bxb6 Qxb4 20.Bc7 Bxb2 21.Bd6 Qa5 22.Rb1 Rad8
23.Rxb2 Qa6 24.Bd5 Rxd6 25.c4 Be6 26.Rd2 Bxd5 27.cxd5 Qa5 28.Rf4 Re8 29.Rfd4 Qc3
30.R4d3 Qe5 31.h3 Qg5 32.Rf3 Re5 33.Rfd3 Qh4 34.Re2 Qh5 35.Rxe5 Qxe5 36.Kg1 b5
37.Qd2 Kg7 38.Rd4 a5 39.a3 h5 40.Rd3 Qa1+ 41.Kh2 Qe5+ 42.Kg1 h4 43.Qxa5 Rxd5
44.Qc3 Qxc3 45.Rxc3 Rd1+ 46.Kf2 Rb1 47.g3 Rb2+ 48.Kf3 hxg3 49.Kxg3 Kf6 50.Kf4 Ke6
51.Rd3 Rf2+ 52.Kg4 Rb2 53.Kf4 f6 54.h4 Rb1 55.Rg3 Rf1+ 56.Kg4 Kd5 57.Kh3 Rh1+
58.Kg2 Rxh4 59.Rxg6 Rf4 60.Rg3 Kc5 61.Re3 Kb6 62.Kg3 Rc4 63.Kf2 Ka5 64.Re8 Ra4
65.Re3 Rf4+ 66.Ke2 Ka4 67.Kd2 Rf1 68.Kc2 f5 69.Re5 f4 70.Rf5 Rf3 71.Kc1 Rc3+
72.Kd2 Rf3 73.Kc2 Rf1 74.Kb2 Rf2+ 75.Kc3 Ra2 76.Rxf4+ Kxa3 77.Rb4 Rc2+  1/2-1/2

[Event "IBM"]
[Site "Amsterdam"]
[Date "1977.??.??"]
[Round "12"]
[White "Van Wijgerden, Cornelis"]
[Black "Timman, Jan H"]
[Result "1/2-1/2"]
[WhiteElo "2430"]
[BlackElo "2590"]

1.e4 g6 2.d4 Bg7 3.Nc3 d6 4.f4 Nf6 5.Nf3 c5 6.Bb5+ Bd7 7.e5 Ng4 8.e6 Bxb5
9.exf7+ Kd7 10.Nxb5 Qa5+ 11.Nc3 cxd4 12.Nxd4 Bxd4 13.Qxd4 Nc6 14.Qc4 Qb6
15.Qe2 h5 16.Bd2 Nd4 17.Qd3 Nf5 18.Ne4 Rac8 19.Bc3 Rhf8 20.O-O-O Qe3+ 21.Qxe3 Ngxe3
22.Rd2 Rc4 23.Ng5 Rxf4 24.h3 Nf1 25.Be5 Nxd2 26.Bxf4 Nc4 27.b3 Nb6 28.g4 Nd4
29.Rf1 Nd5 30.Bd2 Nf6 31.gxh5 gxh5 32.Bc3 Ne6 33.h4 Nd5 34.Bb2 Ndf4 35.Bg7 Nxg7
36.Rxf4 e5 37.Rf6 Ke7 38.Rh6 b5 39.c3 a5 40.Kd2 a4 41.Kd3 Nf5 42.Rxh5 d5
43.Kd2 a3 44.b4 Nd6 45.Rh6 Nxf7 46.Re6+ Kd7 47.Rf6 Ke7 48.Re6+  1/2-1/2

[Event "Biel"]
[Site "Biel"]
[Date "1977.??.??"]
[Round "12"]
[White "Panno, Oscar"]
[Black "Wirthensohn, Heinz"]
[Result "1-0"]
[WhiteElo "2550"]
[BlackElo "2390"]

1.d4 g6 2.e4 d6 3.Nc3 Bg7 4.g3 Nf6 5.Bg2 O-O 6.Nge2 e5 7.h3 c6 8.a4 a5 9.Be3 Qc7
10.O-O Na6 11.Qd2 Re8 12.Rad1 Nb4 13.f3 Rb8 14.Rfe1 b5 15.g4 Ba6 16.Nc1 Rbd8
17.axb5 exd4 18.Bxd4 Bxb5 19.Qf2 Nd7 20.Bxg7 Kxg7 21.Nxb5 cxb5 22.c3 Nc6
23.f4 Nb6 24.g5 b4 25.cxb4 Nxb4 26.Nd3 Nxd3 27.Rxd3 Qc5 28.b3 a4 29.Red1 Qxf2+
30.Kxf2 axb3 31.Rxb3 Na4 32.Rb4 Nc5 33.Kg3 f6 34.h4 fxg5 35.hxg5 h6 36.gxh6+ Kxh6
37.Rd5 Ne6 38.Rb6 Rf8 39.f5 gxf5 40.Rbxd6 Rxd6 41.Rxd6 Rg8+ 42.Kf2 fxe4 43.Rxe6+ Kg5
44.Ke3 Kf5 45.Bh3+ Kg5 46.Kxe4 Rh8 47.Bf5 Rg8 48.Ke5 Kh4 49.Rc6 Rg7 50.Rc3 Kg5
51.Rh3 Re7+ 52.Be6 Rg7 53.Rh1 Kg6 54.Rf1 Kg5 55.Bf7 Kh4 56.Kf6 Rg2 57.Bd5 Rd2
58.Ke5 Kg3 59.Rf3+ Kg4 60.Re3 Rb2 61.Be6+ Kg5 62.Rg3+ Kh4 63.Rg4+ Kh5 64.Kf6 Rb6
65.Ra4 Rd6 66.Ra5+ Kh4 67.Ra3  1-0

[Event "Birmingham"]
[Site "Birmingham"]
[Date "1977.??.??"]
[Round "5"]
[White "Kagan, Shimon"]
[Black "Rukavina, Josip"]
[Result "1/2-1/2"]
[WhiteElo "2440"]
[BlackElo "2410"]

1.e4 d6 2.d4 g6 3.Nc3 Bg7 4.Nge2 c6 5.g3 Nf6 6.Bg2 O-O 7.O-O e5 8.h3 b5 9.Be3 Bb7
10.dxe5 dxe5 11.Nc1 Nbd7 12.Nd3 Qe7 13.b4 Rfd8 14.a4 a6 15.Qb1 Ne8 16.Qb3 Nc7
17.Nb1 Ne6 18.Nd2 Nd4 19.Qb2 Nb6 20.a5 Na4 21.Rxa4 bxa4 22.Nc4 Bc8 23.Ra1 Ne2+
24.Kh2 Nf4 25.Bf1 Nxd3 26.cxd3 Rb8 27.Bb6 Re8 28.Rxa4 Bf8 29.Qc3 Rb7 30.Bc5 Qe6
31.Bxf8 Kxf8 32.Nb6 Qd6 33.Ra2 Be6 34.Rc2 Rc7 35.Na4 Rb8 36.Nc5 Bc8 37.Rd2 Qd4
38.Qxd4 exd4 39.Rb2 Ra7 40.f4 f6 41.Be2 Ke7 42.g4 g5 43.Kg3 gxf4+ 44.Kxf4 Kd6
45.Bd1 Re7 46.Bc2 Re5 47.Ba4 h5 48.Bd1 Ke7 49.Na4 hxg4 50.hxg4 Be6 51.Nb6 Rh8
52.Na4 Rb8 53.Nb6 Rh8 54.Na4 Rb8 55.Nb6  1/2-1/2

[Event "Birmingham"]
[Site "Birmingham"]
[Date "1977.??.??"]
[Round "8"]
[White "Povah, Nigel E"]
[Black "Botterill, George Steven"]
[Result "1/2-1/2"]
[WhiteElo "2320"]
[BlackElo "2350"]

1.e4 d6 2.d4 g6 3.Nc3 Bg7 4.Bc4 Nf6 5.Nf3 O-O 6.Qe2 c6 7.e5 Nd5 8.Bd2 Bg4
9.Nxd5 cxd5 10.Bxd5 Qb6 11.Bc3 e6 12.h3 dxe5 13.dxe5 exd5 14.hxg4 Nc6 15.O-O-O Rad8
16.Bd2 Rfe8 17.Bf4 f6 18.Be3 Qb4 19.c3 Qxg4 20.exf6 Bxf6 21.Qb5  1/2-1/2

[Event "HUN-ch"]
[Site "Budapest"]
[Date "1977.??.??"]
[Round "?"]
[White "Sax, Gyula"]
[Black "Hazai, Laszlo"]
[Result "1/2-1/2"]
[WhiteElo "2565"]
[BlackElo "2440"]

1.e4 g6 2.d4 Bg7 3.Nc3 d6 4.f4 Nf6 5.Nf3 O-O 6.Bd3 Nc6 7.O-O e5 8.dxe5 dxe5
9.f5 gxf5 10.exf5 e4 11.Nxe4 Bxf5 12.Nxf6+ Qxf6 13.Bg5 Qe6 14.c3 Bg6 15.Qe2 Qxe2
16.Bxe2 Rfe8 17.Rae1 Ne5 18.Nxe5 Rxe5 19.Bf4 Re4 20.Bb5 c6 21.Rxe4 Bxe4 22.Bc4 Bd5
23.Bxd5 cxd5 24.Rd1 Rd8 25.Rd3 f5 26.Be3 Kf7 27.Kf2 b6 28.Bd4 Bxd4+ 29.Rxd4 Ke6
30.Rh4 Rd7 31.Rh6+ Ke5 32.Ke3 Rg7 33.g3 Rc7 34.Kd3 Rf7 35.a4 f4 36.Rh5+ Ke6
37.gxf4 Rxf4 38.a5 bxa5 39.Rxh7 Rf2 40.b3 Rb2 41.h4 Rxb3 42.Rh6+ Ke5 43.Rh5+ Ke6
44.Kd4 Rb1 45.Re5+ Kf6 46.Rxd5 Rh1 47.h5 a4 48.c4 a3 49.Ra5 Rh4+ 50.Kc3 a2  1/2-1/2

[Event "Tungsram"]
[Site "Budapest"]
[Date "1977.??.??"]
[Round "?"]
[White "Blackstock, Lesly SF"]
[Black "Vadasz, Laszlo"]
[Result "0-1"]
[WhiteElo "2410"]
[BlackElo "2495"]

1.e4 g6 2.d4 Bg7 3.Nc3 d6 4.Nf3 Nf6 5.Be2 O-O 6.O-O Nc6 7.d5 Nb4 8.Be3 Bd7
9.h3 c6 10.Re1 cxd5 11.exd5 Qa5 12.Bc4 Rac8 13.Bb3 Rxc3 14.bxc3 Nbxd5 15.Bd2 Qd8
16.Rb1 b6 17.Qc1 Re8 18.Qa3 Qa8 19.c4 Nc7 20.Ba4 Bxa4 21.Qxa4 Ne6 22.Be3 Rc8
23.Nd4 Nc5 24.Qa3 Ncd7 25.Qa6 Ne5 26.Nb5 Nxc4 27.Qxa7 Qc6 28.Bc1 Nd5 29.Qa4 Bf6
30.Qb3 Na5 31.Qd3 Qxc2 32.Qxc2 Rxc2 33.a4 Kg7 34.Be3 Rc4 35.Kf1 Rxa4 36.Red1 Nxe3+
37.fxe3 Nc4 38.Kf2 Ra2+ 39.Kf3 h5 40.Nd4 h4 41.Rb4 Ne5+ 42.Ke4 Rxg2  0-1

[Event "HUN-ch"]
[Site "Budapest"]
[Date "1977.??.??"]
[Round "?"]
[White "Perenyi, Bela"]
[Black "Vadasz, Laszlo"]
[Result "1-0"]
[WhiteElo "2270"]
[BlackElo "2495"]

1.e4 g6 2.d4 Bg7 3.Nc3 d6 4.Be3 a6 5.a4 Nf6 6.h3 O-O 7.Nf3 Nc6 8.Qd2 a5 9.O-O-O Nb4
10.Bh6 d5 11.Bxg7 Kxg7 12.exd5 Bf5 13.Ne1 Ne4 14.Nxe4 Bxe4 15.f3 Bxd5 16.h4 h5
17.b3 c6 18.c4 Be6 19.g4 hxg4 20.fxg4 Bxg4 21.Be2 Bxe2 22.Qxe2 Qd6 23.Nf3 c5
24.h5 Qf4+ 25.Kb2 Rh8 26.Ne5 Raf8 27.dxc5 Nc6 28.Nxc6 bxc6 29.Ka2 Rxh5 30.Rxh5 gxh5
31.Qxh5 Qg3 32.Rh1 Qg6 33.Qe5+ f6 34.Qxe7+ Rf7 35.Qe1 Rd7 36.Rg1 Rd2+ 37.Ka3 Rg2
38.Qe7+ Kg8 39.Qd8+ Kg7 40.Qd7+ Kh6 41.Qh3+  1-0

[Event "HUN-ch"]
[Site "Budapest"]
[Date "1977.??.??"]
[Round "?"]
[White "Rigo, Janos"]
[Black "Sapi, Laszlo"]
[Result "1/2-1/2"]
[WhiteElo "2200"]
[BlackElo "2420"]

1.e4 g6 2.d4 Bg7 3.Nc3 d6 4.Nf3 Nf6 5.Be2 O-O 6.O-O Nc6 7.Be3 e5 8.d5 Ne7
9.Qd2 Ng4 10.Bg5 f6 11.h3 fxg5 12.hxg4 h6 13.Ne1 Bd7 14.a4 Qc8 15.Qd1 Bf6
16.g3 Kg7 17.Ng2 Ng8 18.Ne3 Be7 19.Kg2 Nf6  1/2-1/2

[Event "Tungsram"]
[Site "Budapest"]
[Date "1977.??.??"]
[Round "?"]
[White "Gipslis, Aivars"]
[Black "Vadasz, Laszlo"]
[Result "1-0"]
[WhiteElo "2535"]
[BlackElo "2495"]

1.e4 g6 2.d4 Bg7 3.Nc3 d6 4.Nf3 Nf6 5.Be2 O-O 6.O-O Nc6 7.d5 Nb4 8.h3 e6
9.Bg5 h6 10.Be3 exd5 11.exd5 Kh7 12.a3 Na6 13.b4 Nb8 14.Rb1 Nbd7 15.Re1 a5
16.Nb5 axb4 17.axb4 Nb6 18.c4 Bd7 19.Nfd4 Re8 20.Bd3 Bxb5 21.Nxb5 Nfd7 22.Qb3 Nc8
23.Bc2 Nf6 24.Red1 Qd7 25.Bd4 Ne7 26.Qf3 Neg8 27.Nc3 Ra3 28.c5 Kh8 29.c6 bxc6
30.dxc6 Qe6 31.b5 Qc4 32.Qd3 Qxd3 33.Bxd3 Ne7 34.Re1 Nxc6 35.bxc6 Rxe1+ 36.Rxe1 Nh5
37.Bxg7+ Kxg7 38.Rc1 Nf4 39.Bf1  1-0

[Event "Club Argentino+"]
[Site "Buenos Aires"]
[Date "1977.??.??"]
[Round "3"]
[White "Benko, Francisco"]
[Black "Szmetan, Jorge"]
[Result "1-0"]
[WhiteElo "2290"]
[BlackElo "2435"]

1.e4 g6 2.d4 Bg7 3.Nc3 d6 4.f4 Nf6 5.Nf3 c5 6.dxc5 Qa5 7.Qd2 Qxc5 8.Bd3 O-O
9.Qf2 Qxf2+ 10.Kxf2 Nc6 11.Bd2 a6 12.Nd5 Nxd5 13.exd5 Nd4 14.Rhe1 Nxf3 15.Kxf3 Bxb2
16.Rab1 Bf6 17.Rb6 Rb8 18.g4 h6 19.Re4 Bd7 20.Reb4 Rfc8 21.Rxb7 Rxb7 22.Rxb7 Bb5
23.g5 hxg5 24.fxg5 Be5 25.Ke2 Rc5 26.h3 Bxd3+ 27.cxd3 Rc2 28.Kd1 Rxa2 29.Rxe7 Ra1+
30.Kc2 Ra2+ 31.Kd1 a5 32.Be3 a4 33.Re8+ Kg7 34.d4 Bg3 35.Ra8 Bf2 36.Bf4 Bxd4
37.Bxd6 Bc3 38.Bf4 Rf2 39.Rxa4 f6 40.Be3 Rf5 41.Ra7+ Kg8 42.d6 Rd5+ 43.Kc2 Be5
44.d7 Kf8 45.Bb6 Bd4 46.Ra8+  1-0

[Event "SVK-ch"]
[Site "Detva"]
[Date "1977.??.??"]
[Round "1"]
[White "Privara, Igor"]
[Black "Duriga, Stefan"]
[Result "1/2-1/2"]
[WhiteElo "2360"]
[BlackElo "2230"]

1.e4 g6 2.d4 Bg7 3.Nc3 d6 4.f4 Nf6 5.Nf3 O-O 6.Be3 c6 7.Be2 Nbd7 8.e5 Nd5
9.Nxd5 cxd5 10.O-O Nb6 11.Bd3 Nc4 12.Bc1 Qb6 13.Qe2 dxe5 14.Bxc4 dxc4 15.fxe5 Be6
16.Be3 Bd5 17.c3 Qc6 18.Qd2 f6 19.exf6 exf6 20.Bh6 Rae8 21.Rae1 Rxe1 22.Nxe1 Bxh6
23.Qxh6 Re8 24.Nf3 Re2 25.Rf2 Qe6 26.Qf4 g5 27.Rxe2 Qxe2 28.Qxf6 Qe3+ 29.Kf1 Bxf3
30.Qxf3 Qc1+ 31.Kf2 Qxb2+ 32.Kg3 Qd2 33.Kg4 b5 34.Qa8+ Kg7 35.Qxa7+ Kg6 36.Qb6+ Kg7
37.Qb7+ Kg6 38.Qe4+ Kg7 39.Qe7+ Kg6 40.Qe6+ Kg7 41.Qe5+ Kg6 42.Qe4+ Kg7 43.Kh5 Qxa2
44.Qe7+ Kg8 45.Qxg5+ Kf8 46.Qf5+ Kg7 47.Qe5+ Kf7 48.Qe4 Kf6 49.Kg4 Qb2 50.Qf3+ Ke6
51.Kf4 Kd6 52.Qe3 Kd7 53.Qh3+ Kc7 54.Ke5 b4 55.Qxh7+ Kb6 56.Qg6+ Ka5 57.cxb4+ Ka4
58.Qc6+ Kxb4 59.Qb6+ Kc3 60.Qxb2+ Kxb2 61.d5 c3 62.d6 c2 63.d7 c1=Q 64.d8=Q Qe3+
65.Kd6 Qd2+ 66.Kc7 Qa5+  1/2-1/2

[Event "SVK-ch"]
[Site "Detva"]
[Date "1977.??.??"]
[Round "5"]
[White "Privara, Igor"]
[Black "Jablonicky, Frantisek"]
[Result "1/2-1/2"]
[WhiteElo "2360"]
[BlackElo "2180"]

1.e4 g6 2.d4 Bg7 3.Nc3 d6 4.f4 Nf6 5.Nf3 O-O 6.Be3 Na6 7.h3 c5 8.e5 Nh5 9.g4 cxd4
10.Qxd4 Ng3 11.Bxa6 Nxh1 12.Bf1 h5 13.Bg2 hxg4 14.hxg4 Bxg4 15.Bxh1 Qa5 16.Qd5 Qc7
17.exd6 Bxc3+ 18.Kf2 Qa5 19.Qxa5 Bxa5 20.Ne5 Bf5 21.dxe7 Rfe8 22.Bxb7 Rab8
23.Bd5 Rxe7 24.Nc6 Rxe3 25.Kxe3 Bb6+ 26.Kf3 Re8 27.Ne5 Kg7 28.c3 f6 29.Nc4 Bc7
30.Ne3 Bc8 31.Re1 Bd7 32.Nc2 Rxe1 33.Nxe1 g5 34.fxg5 fxg5 35.Ke4 Kf6 36.Nd3 Bb6
37.Kf3 Bf5 38.Nf2 Ke5 39.Bf7 Bd8 40.Bh5 Be6 41.Nd3+ Kf6 42.b3 Bf5 43.Nb4 Ba5
44.Bg4 Bxb4 45.cxb4 Bb1 46.a4 Bc2 47.a5 Ke5 48.b5 Bxb3 49.Ke3 Bc4 50.Be2 Bxe2
51.Kxe2 Kd5  1/2-1/2

[Event "SVK-ch"]
[Site "Detva"]
[Date "1977.??.??"]
[Round "7"]
[White "Franzen, Josef"]
[Black "Jablonicky, Frantisek"]
[Result "1-0"]
[WhiteElo "2360"]
[BlackElo "2180"]

1.e4 g6 2.d4 Bg7 3.Nc3 d6 4.f4 Nf6 5.Nf3 O-O 6.Be2 c6 7.O-O Nbd7 8.e5 Nd5
9.Nxd5 cxd5 10.Kh1 a5 11.Ng5 e6 12.a4 b6 13.Ra3 Re8 14.Rh3 Nf8 15.b3 f6 16.Nf3 Qc7
17.Ba3 dxe5 18.fxe5 f5 19.Bd6 Qd8 20.Rg3 Bh6 21.Ne1 Ra7 22.c4 dxc4 23.bxc4 Bb7
24.d5 Nd7 25.dxe6 Rxe6 26.c5 Kh8 27.Qb3 Re8 28.cxb6 Qxb6 29.Qf7 Raa8 30.Nf3 Bg7
31.Rh3 Qd8 32.Qxg6  1-0

[Event "SVK-ch"]
[Site "Detva"]
[Date "1977.??.??"]
[Round "10"]
[White "Petrik, Stanislav"]
[Black "Jablonicky, Frantisek"]
[Result "1-0"]
[WhiteElo "2145"]
[BlackElo "2180"]

1.e4 g6 2.d4 Bg7 3.Nc3 d6 4.Nf3 Nf6 5.Bg5 h6 6.Bf4 Nbd7 7.Qd2 g5 8.Bg3 Nh5
9.O-O-O c5 10.Bb5 Nxg3 11.hxg3 a6 12.Be2 cxd4 13.Nxd4 Be5 14.Nf3 g4 15.Nh4 h5
16.f4 gxf3 17.gxf3 Bxg3 18.Nf5 Bf2 19.Rxh5 Rg8 20.Nd5 Nf6 21.Nxf6+ exf6 22.Nxd6+ Kf8
23.Bc4 Qb6 24.Rh7 Rg7 25.Rh8+ Rg8 26.Qh6+ Ke7 27.Qh5 Be3+ 28.Kb1 Be6 29.Bxe6 Bd4
30.Qxf7+ Kxd6 31.Rxd4+ Qxd4 32.Qd7+ Kc5 33.Qxd4+ Kxd4 34.Rxg8 Ra7 35.Rg7 Ke3
36.Bd5 Ra8 37.b3  1-0

[Event "SVK-ch"]
[Site "Detva"]
[Date "1977.??.??"]
[Round "11"]
[White "Novak, Ivan"]
[Black "Ftacnik, Lubomir"]
[Result "1/2-1/2"]
[WhiteElo "2330"]
[BlackElo "2375"]

1.e4 g6 2.d4 Bg7 3.Nc3 d6 4.Be2 Nf6 5.Nf3 O-O 6.O-O Bg4 7.Be3 Nc6 8.Qd2 e5
9.dxe5 dxe5 10.Rad1 Qc8 11.Qc1 Rd8 12.Rxd8+ Qxd8 13.Rd1 Qf8 14.h3 Bxf3 15.Bxf3 Rd8
16.Nd5 Nxd5 17.exd5 Nd4 18.Bxd4  1/2-1/2

[Event "DDR-ch 26th"]
[Site "Frankfurt/Oder"]
[Date "1977.??.??"]
[Round "1"]
[White "Grottke, Hans Joachim"]
[Black "Kollberg, Lothar"]
[Result "1-0"]
[WhiteElo "2250"]
[BlackElo "2275"]

1.e4 g6 2.d4 Bg7 3.Nc3 d6 4.Nf3 Nf6 5.Be2 O-O 6.O-O c6 7.a4 Qc7 8.h3 e5 9.dxe5 dxe5
10.Bc4 a5 11.Be3 Na6 12.Qe2 Qe7 13.Nd2 Nc5 14.Nb3 Nfxe4 15.Nxe4 Nxe4 16.Bb6 Nd6
17.Bxa5 Nxc4 18.Qxc4 Be6 19.Qb4 Qg5 20.Qd2 Qh4 21.Nc5 Bf5 22.Bb6 e4 23.c3 Rae8
24.Bc7 Be5 25.Bxe5 Rxe5 26.Qe3 Bxh3 27.f4 Bxg2 28.fxe5 Qh1+ 29.Kf2 Bxf1 30.Rxf1 Qh2+
31.Ke1 Qxe5 32.Nd7 Qe7 33.Nxf8 Kxf8 34.Kd1 f5 35.Kc1 Qf7 36.Rd1 Qa2 37.Qc5+ Kg7
38.Qe5+ Kh6 39.Qf4+ Kg7 40.Rd7+ Kf6 41.Rd6+ Kg7 42.Qg5 Qf7 43.Qd8 Qf8 44.Rd7+ Kg8
45.Qc7  1-0

[Event "DDR-ch (Women)"]
[Site "Frankfurt/Oder"]
[Date "1977.??.??"]
[Round "2"]
[White "Walther, Diana"]
[Black "Worch, Marion"]
[Result "0-1"]
[WhiteElo "1790"]
[BlackElo "2090"]

1.e4 g6 2.d4 Bg7 3.Nc3 d6 4.f4 Nf6 5.Nf3 O-O 6.e5 Ne8 7.h4 c5 8.dxc5 Nc6
9.cxd6 exd6 10.Be3 Bg4 11.Be2 Qa5 12.Qd5 Qb4 13.O-O-O Be6 14.Qb5 Rc8 15.Nd4 a5
16.a3 Nxd4 17.axb4 Nxb5 18.Nxb5 axb4 19.Nxd6 Nxd6 20.Rxd6 b3 21.c3 Ra8 22.Kd2 Ra2
23.Rb1 Rc8 24.Bb6 Bf8 25.Rd4 Rc6 26.Bd8 Bc5 27.Ke3 Rc8 28.Bf6 Bxd4+ 29.Kxd4 Bf5
30.Bd3 Ra4+ 31.c4 Bxd3 32.Kxd3 Raxc4 33.g3 Rc1 34.Rxc1 Rxc1 35.g4 Rg1 36.Bg5 Rxg4
37.Kc3 Rg3+ 38.Kb4 Rf3 39.Bh6 Rh3 40.Bg5 Kg7 41.Kc5 Kf8 42.Kb4 Ke8 43.Ka3 Kd7
44.Bf6 Ke6 45.Bg5 Kf5 46.Kb4 h6 47.Bxh6 Rxh4 48.Bg5 Rxf4+ 49.Bxf4 Kxf4 50.Kxb3 Kxe5
51.Kc4 Kd6 52.Kb5 Kc7  0-1

[Event "DDR-ch (Women)"]
[Site "Frankfurt/Oder"]
[Date "1977.??.??"]
[Round "7"]
[White "Michel, Annett"]
[Black "Worch, Marion"]
[Result "1-0"]
[WhiteElo "2135"]
[BlackElo "2090"]

1.e4 g6 2.d4 Bg7 3.Nc3 d6 4.Bc4 Nc6 5.Nf3 Nf6 6.Bb5 O-O 7.O-O Nh5 8.h3 Bd7
9.g4 Nf6 10.e5 Ne8 11.Qe2 dxe5 12.dxe5 Be6 13.Bg5 Nd4 14.Nxd4 Qxd4 15.Bxe7 Bxe5
16.Rfe1 Bd6 17.Bxf8 Kxf8 18.Qf3 Qf4 19.Qxf4 Bxf4 20.Re4 g5 21.Bxe8 Rxe8 22.Ne2 Bd6
23.Nd4 Bd7 24.Rxe8+ Kxe8 25.Re1+ Kf8 26.c4 a6 27.a3 h5 28.Re4 hxg4 29.hxg4 Kg7
30.Kf1 c5 31.Ne2 b5 32.Ng3 Kg6 33.Ke1 Be6 34.b3 Bf4 35.Ne2 Bd6 36.Nc3 bxc4
37.bxc4 Bd7 38.Nd5 Ba4 39.Re2 Bb3 40.Nb6 a5 41.a4  1-0

[Event "DDR-ch (Women)"]
[Site "Frankfurt/Oder"]
[Date "1977.??.??"]
[Round "11"]
[White "Kluss, Christel"]
[Black "Worch, Marion"]
[Result "0-1"]
[WhiteElo "1835"]
[BlackElo "2090"]

1.e4 g6 2.d4 Bg7 3.Nc3 d6 4.Be3 f5 5.exf5 Bxf5 6.Bd3 Qd7 7.Nge2 Nh6 8.Qd2 Ng4
9.Bxf5 Qxf5 10.Ng3 Qa5 11.Bg5 Nc6 12.f3 Nf6 13.Be3 Nd5 14.Nxd5 Qxd5 15.Ne2 e5
16.dxe5 Qxe5 17.O-O O-O-O 18.c3 Rde8 19.Kf2 Qxh2 20.Ng3 Qh4 21.Bg5 Qc4 22.Ne4 Rhf8
23.Kg1 d5 24.Rad1 dxe4 25.Qd7+ Kb8 26.Qxg7 Qc5+ 27.Kh1 Qxg5 28.fxe4 Rxf1+
29.Rxf1 Qh4+ 30.Kg1 Qxe4 31.Rf8 b6  0-1

[Event "DDR-ch 26th"]
[Site "Frankfurt/Oder"]
[Date "1977.??.??"]
[Round "11"]
[White "Vogt, Lothar"]
[Black "Kollberg, Lothar"]
[Result "1-0"]
[WhiteElo "2485"]
[BlackElo "2275"]

1.e4 g6 2.d4 Bg7 3.Nc3 d6 4.Nf3 Nf6 5.Be2 O-O 6.O-O c6 7.a4 Nbd7 8.e5 dxe5
9.dxe5 Nd5 10.Nxd5 cxd5 11.Bf4 e6 12.c4 dxc4 13.Bxc4 b6 14.Bb5 Nc5 15.Qxd8 Rxd8
16.Bg5 Rd5 17.b4 Nd3 18.Bc6 Rb8 19.Bxd5 exd5 20.Bf6 Nxb4 21.Bxg7 Kxg7 22.Rfc1 a5
23.Nd4 Nd3 24.Rc7 Nxe5 25.Re1 Kf6 26.f4 Nd7 27.Re8 Ba6 28.Rc6+  1-0

[Event "Wch U20"]
[Site "Groningen"]
[Date "1977.??.??"]
[Round "5"]
[White "Chandler, Murray G"]
[Black "Ftacnik, Lubomir"]
[Result "0-1"]
[WhiteElo "2385"]
[BlackElo "2360"]

1.e4 g6 2.d4 Bg7 3.Nc3 d6 4.Bc4 Nc6 5.Be3 Nf6 6.f3 O-O 7.Nge2 e5 8.O-O Nd7
9.a4 Kh8 10.f4 Nb6 11.Bb3 Na5 12.dxe5 Nbc4 13.Bc1 dxe5 14.Qxd8 Rxd8 15.Ba2 c5
16.f5 gxf5 17.exf5 f6 18.Ne4 b6 19.g4 Bb7 20.N2g3 Nd6 21.Nxd6 Rxd6 22.b3 Rad8
23.Be3 Nc6 24.c3 Rd3 25.Rae1 Rxc3 26.Ne4 Rc2 27.Bb1 Rb2 28.g5 Nd4 29.gxf6 Bxf6
30.Rf2 Rxb1 31.Rxb1 Bxe4 32.Rbb2 Bh4 33.Bxd4 Bxf2+ 34.Kxf2  0-1

[Event "Wch U20"]
[Site "Groningen"]
[Date "1977.??.??"]
[Round "7"]
[White "Schussler, Harry"]
[Black "Ftacnik, Lubomir"]
[Result "1/2-1/2"]
[WhiteElo "2360"]
[BlackElo "2360"]

1.e4 g6 2.d4 Bg7 3.Nc3 d6 4.Nf3 Nf6 5.Be2 O-O 6.O-O Bg4 7.Be3 Nc6 8.Qd2 e5
9.d5 Ne7 10.Rad1 Nd7 11.Ng5 Bxe2 12.Nxe2 h6 13.Nh3 Kh7 14.f3 f5 15.g4 Nb6
16.b3 Qd7 17.Nf2 fxg4 18.fxg4 Rf3 19.Kg2 Raf8 20.h3 g5 21.Ng3 Ng6 22.Nf5 Nh4+
23.Nxh4 gxh4 24.Nh1 Qf7 25.Qe2 Rf6 26.Rf5 Nc8 27.Rdf1 Ne7 28.Rxf6 Bxf6 29.Nf2 Bg5
30.Nd1 Qxf1+ 31.Qxf1 Rxf1 32.Kxf1 Bxe3 33.Nxe3 Ng6 34.Nf5 Nf4 35.Nxh4  1/2-1/2

[Event "Wch U20"]
[Site "Groningen"]
[Date "1977.??.??"]
[Round "10"]
[White "Sisniega, Marcel"]
[Black "Schussler, Harry"]
[Result "1-0"]
[WhiteElo "2345"]
[BlackElo "2360"]

1.e4 g6 2.d4 Bg7 3.Nc3 d6 4.Be2 Nf6 5.Nf3 O-O 6.O-O Nbd7 7.e5 Ne8 8.Bg5 f6
9.exf6 exf6 10.Be3 c6 11.Qd2 Rf7 12.Rfe1 d5 13.h3 Nd6 14.Bd3 Nb6 15.b3 Bf5
16.Bf4 Bxd3 17.Qxd3 Qd7 18.a4 Re8 19.Bxd6 Rxe1+ 20.Rxe1 Qxd6 21.Qe3 Nc8 22.Qe8+ Rf8
23.Qe6+ Qxe6 24.Rxe6 Kf7 25.Re1 Re8 26.Rb1 Ke6 27.b4 Kd7 28.b5 Nd6 29.bxc6+ Kxc6
30.Kf1 Bf8 31.Nd2 b6 32.Nb5 a6 33.Nxd6 Bxd6 34.Rb3 Kb7 35.g3 Rc8 36.c3 Kc6
37.Ke2 Re8+ 38.Kd3 Bc7 39.Rb1 Rb8 40.Re1 Kd7 41.c4 dxc4+ 42.Kxc4 f5 43.Kd5 b5
44.Nb3 Bd6 45.Re6 Be7 46.a5 b4 47.Rxa6 Rb5+ 48.Kc4 Rb8 49.Ra7+ Ke6 50.d5+ Kf6
51.Ra6+ Kf7 52.Rb6 Rc8+ 53.Rc6 Rd8 54.a6 Ke8 55.Rc7  1-0

[Event "Concordia"]
[Site "Hamburg"]
[Date "1977.??.??"]
[Round "9"]
[White "Popovych, Orest"]
[Black "Wirthensohn, Heinz"]
[Result "1-0"]
[WhiteElo "2370"]
[BlackElo "2390"]

1.e4 g6 2.d4 d6 3.Nc3 Bg7 4.f4 a6 5.Nf3 b5 6.Bd3 Nd7 7.e5 Nb6 8.Qe2 Nh6 9.O-O O-O
10.Bd2 f6 11.e6 f5 12.a4 b4 13.Nd1 a5 14.c4 bxc3 15.Nxc3 Bb7 16.Nb5 Bd5 17.Kh1 Qc8
18.b4 axb4 19.a5 c6 20.Nxd6 exd6 21.axb6 Qb7 22.e7 Rfe8 23.Rxa8 Qxa8 24.Bxb4 Qb8
25.Bc4 Nf7 26.Bxd5 cxd5 27.Qe6 Bh6 28.Qd7 Bxf4 29.b7  1-0

[Event "DSV-Turnier"]
[Site "Leipzig"]
[Date "1977.??.??"]
[Round "15"]
[White "Bueno Perez, Lazaro"]
[Black "Peev, Peicho Chonev"]
[Result "0-1"]
[WhiteElo "2320"]
[BlackElo "2460"]

1.e4 g6 2.d4 Bg7 3.Nc3 d6 4.Nf3 Nd7 5.Be2 c6 6.O-O Qc7 7.a4 a5 8.h3 Ngf6
9.Be3 O-O 10.Qd2 Re8 11.Rfe1 e5 12.Bf1 exd4 13.Bxd4 Ne5 14.Nxe5 dxe5 15.Bc5 Be6
16.Rad1 Nd7 17.Bd6 Qb6 18.Qe3 Qxe3 19.Rxe3 Bf8 20.Bxf8 Kxf8 21.Red3 Nc5 22.R3d2 Ke7
23.Be2 Rac8 24.b3 Rc7 25.Bg4 f5 26.Bf3 Rd7 27.Rxd7+ Bxd7 28.Rd2 Be6 29.Kf1 Bf7
30.g3 Be6 31.exf5 gxf5 32.h4 Rf8 33.Kg2 Nd7 34.Bh5 Rg8 35.Bd1 Nf6 36.Kh2 Bd5
37.f3 Be6 38.Re2 Kd6 39.Re3 Nd5 40.Rd3 Kc5 41.Be2 Rg7 42.Nd1 e4 43.Rd2 e3
44.Rd3 f4 45.g4 Nb4 46.Rc3+ Kd4 47.Bc4  0-1

[Event "Lone Pine"]
[Site "Lone Pine"]
[Date "1977.??.??"]
[Round "5"]
[White "Regan, Kenneth"]
[Black "Tisdall, Jonathan D"]
[Result "1-0"]
[WhiteElo "2375"]
[BlackElo "2375"]

1.e4 g6 2.d4 Bg7 3.Nc3 d6 4.Bc4 c6 5.Qe2 b5 6.Nxb5 d5 7.Bf4 Na6 8.Bb3 cxb5
9.Qxb5+ Qd7 10.Qxd5 Qxd5 11.Bxd5 Rb8 12.Bxb8 Nxb8 13.e5 Nh6 14.Nf3 O-O 15.O-O Rd8
16.Be4 f6 17.exf6 Bxf6 18.Rfe1 Bf5 19.c3 Kf7 20.Bxf5 Nxf5 21.Ne5+ Bxe5 22.Rxe5 Nc6
23.Rc5 Rd6 24.Re1 e6 25.Kf1 h6 26.Ke2 Nfe7 27.Rd1 a6 28.b4 Nd5 29.a4 Ke7
30.b5 axb5 31.axb5 Na7 32.Kd2 Kd7 33.Ra1 Nc8 34.Ra8 Ndb6 35.Rb8 e5 36.Rb7+ Kd8
37.Rc6 Ke8 38.Kd3 Rxc6 39.bxc6 exd4 40.cxd4 Nd5 41.Rb8  1-0

[Event "Piriapolis"]
[Site "Piriapolis"]
[Date "1977.??.??"]
[Round "6"]
[White "Franco Ocampo, Zenon"]
[Black "Trois, Francisco RT"]
[Result "1/2-1/2"]
[WhiteElo "2315"]
[BlackElo "2395"]

1.e4 g6 2.d4 Bg7 3.Nc3 d6 4.Be2 Nc6 5.Be3 Nf6 6.h3 O-O 7.Nf3 e5 8.dxe5 Nxe5
9.Nxe5 dxe5 10.Qxd8 Rxd8 11.Bc4 c6 12.a4 Bf8 13.f3 a5 14.Ke2 Nd7 15.Rhd1 Re8
16.Rd2 Kg7 17.Rad1 Nc5 18.Ba2 Be7 19.Bc4 Ne6 20.Kf1 h5 21.Bb6 Bg5 22.Rd6 Be7
23.R6d2  1/2-1/2

[Event "Rubinstein mem"]
[Site "Polanica Zdroj"]
[Date "1977.??.??"]
[Round "15"]
[White "Filipowicz, Andrzej"]
[Black "Hort, Vlastimil"]
[Result "0-1"]
[WhiteElo "2355"]
[BlackElo "2620"]

1.e4 g6 2.d4 Bg7 3.Nc3 d6 4.f4 c6 5.Be3 Qb6 6.Qd2 Qxb2 7.Rb1 Qa3 8.Nf3 Nf6
9.Bd3 Ng4 10.Bg1 Na6 11.h3 Nf6 12.e5 Nd7 13.Rb3 Qa5 14.exd6 O-O 15.dxe7 Re8
16.Ne4 Qxa2 17.Be3 Nb6 18.O-O Be6 19.Rbb1 Rxe7 20.Ne5 f6 21.Nxc6 bxc6 22.Ra1 Qd5
23.Nc3 Qd6 24.Bxa6 Bc4 25.Rf3 f5 26.Bf2 Rd8 27.Bxc4+ Nxc4 28.Qd3 Nb6 29.Ne2 c5
30.c4 cxd4 31.Ra5 Qe6 32.c5 Qxe2 33.cxb6 Qxd3 34.Rxd3 axb6 35.Rb5 Re6 36.g4 fxg4
37.hxg4 Re4 38.Bg3 g5 39.Rxb6 gxf4 40.Bf2 Rd7 41.g5 Re5 42.Bh4 Re3 43.Rd1 d3
44.Bf2 Re2 45.Rb3 d2 46.Rf3 Bd4  0-1

[Event "Rimavska Sobota"]
[Site "Rimavska Sobota"]
[Date "1977.??.??"]
[Round "3"]
[White "Tepper, M."]
[Black "Szymczak, Zbigniew"]
[Result "0-1"]
[WhiteElo "2200"]
[BlackElo "2390"]

1.e4 g6 2.d4 Bg7 3.Nc3 d6 4.Nf3 Nf6 5.h3 O-O 6.Be3 c6 7.a4 Nbd7 8.Be2 e5
9.dxe5 dxe5 10.Qd2 Qe7 11.Bg5 Nc5 12.Qe3 Ne6 13.O-O Nxg5 14.Qxg5 Re8 15.Rfd1 h6
16.Qe3 Nh5 17.Kh2 Nf4 18.Bf1 h5 19.g3 Ne6 20.Ne2 Kh7 21.c3 Bh6 22.Qd3 Nc5
23.Qc2 Be6 24.Ra3 Rad8 25.Rxd8 Rxd8 26.Neg1 f5 27.exf5 Bxf5 28.Qe2 Bc1 29.Nxe5 Rd2
30.Qe1 Rxb2 31.Ngf3 Ne4 32.Nd3 Qxa3 33.Nxb2 Qxb2  0-1